| 000 | 01517nam a22003855i 4500 | ||
|---|---|---|---|
| 001 | 10803 | ||
| 003 | ES-MaACL | ||
| 005 | 20250718062530.0 | ||
| 007 | t| | ||
| 008 | 941021s1994 sp ||||0| spa j | ||
| 020 | _a84-7658-432-6 | ||
| 040 |
_aM-BN _bspa _cM-BN |
||
| 080 | _a1 Kant, Immanuel | ||
| 080 | _a1 Habermas, Jürgen | ||
| 080 | _a1 Apel, Karl-Otto | ||
| 080 | _a17 | ||
| 100 | 1 |
_aWellmer, Albrecht. _9116454 |
|
| 245 | 1 | 0 |
_aEtica y diálogo _b: elementos del juicio moral en Kant y en la ética del discurso / _cAlbrecht Wellmer ; prólogo de María Pía Lara ; traducción y glosario de Fabio Morales. |
| 250 | _a1ª ed. | ||
| 260 |
_aBarcelona : _bAnthropos ; _aIztapalapa, México : _bUniversidad Autónoma Metropolitana, _c1994. |
||
| 300 |
_a255 p ; _c20 cm. |
||
| 490 | 1 |
_aPensamiento crítico/pensamiento utópico ; _v84. _aFilosofía política |
|
| 504 | _aBibliografía. Indice. | ||
| 600 | 1 | 4 |
_aKant, Immanuel, _d1724-1804- _xCrítica e interpretación _967497 |
| 600 | 1 | 4 |
_aHabermas, Jürgen- _xCrítica e interpretación. _961377 |
| 600 | 1 | 4 |
_aApel, Karl-Otto- _xCrítica e interpretación. _922088 |
| 650 | 1 | 7 |
_aÉtica _2embne _912577 |
| 700 | 1 |
_aLara Zavala, María Pía. _970222 |
|
| 700 | 1 |
_aMorales, Fabio. _982983 |
|
| 710 | 2 |
_aUniversidad Autónoma Metropolitana. _9169907 |
|
| 830 | 0 |
_aPensamiento crítico/pensamiento utópico ; _v84. _aFilosofía política _9178376 |
|
| 852 |
_aES-MaACL _jL-18083 _bR.122604 |
||
| 999 |
_c10803 _d10803 |
||